000 00906nam a22002291a 4500
001 78942
003 BD-RjUL
005 20211209083207.0
008 211130b2017 bg ||||| |||| 00| 0 ben d
020 _a978984041908
_c: TK. 250
035 _a(BD-RjUL)79169
040 _aBD-RjUL
_bben
_cBD-RjUL
041 _aben
082 _223
_a954.9205092
_bRAB 2017
100 _aরহমান, ওয়ালিউর
_9250865
245 1 0 _aবঙ্গবন্ধু : ইতিহাসের শেষ দেখা /
_cওয়ালিউর রহমান
260 _aঢাকা :
_bআগামী প্রকাশনী,
_c২০১৭
300 _a১২৫ পৃ. :
_bচিত্র ;
_c২২ সেমি.
600 _aমুজিবুর রহমান,
_cশেখ,
_d১৯২০-১৯৭৫
_9250868
600 _aMujibur Rahman,
_cSheikh,
_d1920-1975
_9250869
942 _2ddc
_cBK
999 _c78942
_d78942